00369nam a22001097a 4500003000400000082001900004100002100023245013900044260002600183300000700209650004300216SGT a617.6342bE24S aSachdeva, Vinnie aEffect of different root canal sealers on the incidence and intensity of post-operative pain bA randomized clinical controlled trial  bSGT University c2024 a88 aConservative Dentistry and Endodontics